Samba

Ο Σαμπά ήρθε στη Γαλλία πριν δέκα χρόνια από τη Σενεγάλη και άρχισε να κάνει διάφορες εποχιακές δύσκολες δουλειές. Η Αλίς, πρώην στέλεχος επιχειρήσεων, έχει εγκαταλείψει την καριέρα της και προσπαθεί να συνέλθει, εργαζόμενη εθελοντικά σε μία οργάνωση που βοηθάει μετανάστες. Και οι δύο προσπαθούν να...

Full description

Saved in:
Bibliographic Details
Other Authors: Toledano, Éric (Director), Nakache, Olivier (Director), Sy, Omar, 1978- (Actor), Gainsbourg, Charlotte, 1971- (Actor), Rahim, Tahar, 1981- (Actor), Izïa, 1990- (Actor)
Format: Slide
Language:French
Greek
Published: [S.l.] : Spledido, 2014.
Subjects:
Tags: Add Tag
No Tags, Be the first to tag this record!

MARC

LEADER 00000cgm a2200000 a 4500
001 1/123851
008 211102e2014####xx ||| | || ||fre||
040 |a GR-MyUa  |b gre  |c GR-MyUa  |e AACR2 
041 0 |a fre  |j gre 
082 7 |a 791.437   |2 (23) 
245 0 0 |a Samba   |h [μαγνητοσκόπηση] /   |c μια ταινία των Ερίκ Τολεντάνο & Ολιβιέ Νακάς. 
260 |a [S.l.] :   |b Spledido,   |c 2014. 
300 |a 1 βιντεοδίσκος (120 λεπτά) :   |b ομίλ., έγχρ. ;   |c 4 3/4 ίν. 
500 |a Κυκλοφόρησε πρώτη φορα ως κινηματογραφική ταινία το 2014. 
508 |a Σενάριο και διάλογοι, Eric Toledano, Olivier Nakache ; βασισμένο στο μυθιστόρημα της Delphine Coulin "Sampa pour la France" ; διεύθυνση φωτογραφίας, Stephane Fontaine ; μουσική, Ludovico Einaudi ; μοντάζ, Dorian Rigal-Ansous. 
511 0 |a Omar Sy, Charlotte Gainsbourg, Tahar Rahim, Izïa Higelin, Issaka Sawadogo, Helene Vincent, Liya Kebede, Youngar Fall. 
520 8 |a Ο Σαμπά ήρθε στη Γαλλία πριν δέκα χρόνια από τη Σενεγάλη και άρχισε να κάνει διάφορες εποχιακές δύσκολες δουλειές. Η Αλίς, πρώην στέλεχος επιχειρήσεων, έχει εγκαταλείψει την καριέρα της και προσπαθεί να συνέλθει, εργαζόμενη εθελοντικά σε μία οργάνωση που βοηθάει μετανάστες. Και οι δύο προσπαθούν να απεγκλωβιστούν από το αδιέξοδο της ζωής τους, μέχρι που η μοίρα θα τους φέρει κοντά.  
546 |a Στα γαλλικά με υπότιτλους στα ελληνικά. 
650 0 |a Immigrants  |v Drama  |z France. 
655 7 |a Feature films  |2 lcgft 
700 1 |a Toledano, Éric,  |e drt 
700 1 |a Nakache, Olivier,  |e drt 
700 1 |a Sy, Omar,   |d 1978-  |e act 
700 1 |a Gainsbourg, Charlotte,   |d 1971-  |e act 
700 1 |a Rahim, Tahar,   |d 1981-  |e act 
700 0 |a Izïa,   |d 1990-  |e act 
970 |a Κοντού  |b Παρασκευή  |z 02/11/2021